000 00404nam a2200145Ia 4500
008 090124s9999 xx 000 0 und d
082 _b400181
245 _a संत मुक्ताई
250 _a1
260 _bगुप्ते चारुशीला
_c1975
300 _a80
630 _a संत मुक्ताई
730 _a संत मुक्ताई
942 _cBOOK
999 _c196102
_d196102